[Event "Chess Classic Open"]
[Site "Gausdal NOR"]
[Date "2007.04.20"]
[Round "3"]
[White "Oral,T"]
[Black "Pitl,G"]
[Result "1/2-1/2"]
[WhiteElo "2543"]
[BlackElo "2367"]

1.e4 c5 2.Nf3 d6 3.Bb5+ Bd7 4.Bxd7+ Qxd7 5.c4 Nf6 6.Nc3 g6 7.O-O Bg7 8.d4 cxd4
9.Nxd4 O-O 10.f3 Rc8 11.b3 d5 12.exd5 Nxd5 13.Nxd5 e6 14.Bh6 exd5 15.Bxg7 Kxg7
16.Nb5 dxc4 17.Nd6 Rd8 18.Nxb7 Qxd1 19.Rfxd1 Rxd1+ 20.Rxd1 cxb3 21.axb3 Nc6
22.Rd7 a5 23.Rd6 Ne7 24.h3  1/2-1/2

[Event "Open"]
[Site "Metz FRA"]
[Date "2007.04.20"]
[Round "7"]
[White "Gharamian,T"]
[Black "Savchenko,S"]
[Result "1/2-1/2"]
[WhiteElo "2471"]
[BlackElo "2545"]

1.e4 c5 2.Nf3 d6 3.Bb5+ Bd7 4.Bxd7+ Qxd7 5.c4 Nf6 6.Nc3 g6 7.d4 cxd4 8.Nxd4 Bg7
9.f3 O-O 10.Bg5 Nc6 11.Nde2 a6 12.a4 Qc7 13.b3 Qa5 14.Qd2 b5 15.cxb5 axb5
16.O-O bxa4 17.bxa4 Rfc8 18.Rfb1 Nd4 19.Nxd4 Rxc3 20.Kh1 Qc5 21.Rd1 Rc4 22.Be3 Qa5
23.Qd3 Rc3 24.Qe2 Nd7 25.h3 Qa6 26.Qe1 Rc4 27.a5 Nc5 28.Rab1 h5 29.Rb6 Qxa5
30.Qxa5 Rxa5 31.Nc6 Ra3 32.Nxe7+ Kh7 33.Nd5 Be5 34.Rc6 Rc2 35.Bf4 Ra7 36.Bxe5 dxe5
37.Nf6+ Kg7 38.Nd7 Ra5 39.Nxe5 Raa2 40.Rg1 Ne6 41.Rxc2  1/2-1/2

[Event "15th Sigeman & Co"]
[Site "Malmo SWE"]
[Date "2007.04.21"]
[Round "4"]
[White "Carlsson,P"]
[Black "Negi,P"]
[Result "1-0"]
[WhiteElo "2506"]
[BlackElo "2515"]

1.e4 c5 2.Nf3 d6 3.Bb5+ Bd7 4.Bxd7+ Qxd7 5.O-O Nc6 6.c4 g6 7.d4 cxd4 8.Nxd4 Bg7
9.Be3 Nf6 10.f3 O-O 11.Nc3 a6 12.Rc1 e6 13.Na4 Rad8 14.Nb6 Qe7 15.Qd2 Rfe8
16.Rfe1 Ne5 17.Nb3 Qc7 18.Red1 h5 19.Qf2 Qb8 20.Bg5 Qa7 21.h3 Ned7 22.Rxd6 Ne5
23.Rcd1 Qb8 24.c5 Rxd6 25.cxd6 Rd8 26.Qc5 Nfd7 27.Nxd7 Rxd7 28.f4 Nc6 29.e5 f6
30.Bxf6 Bxf6 31.exf6 Qf8 32.Qc2 Kf7 33.Qd2 b6 34.Kh2 Qd8 35.Nd4 Na5 36.Nf3 Qxf6
37.Ne5+ Kg7 38.Nxd7 Qf5 39.Qd4+  1-0

[Event "9th Open"]
[Site "Dubai UAE"]
[Date "2007.04.22"]
[Round "1"]
[White "Raes,A"]
[Black "Anastasian,A"]
[Result "0-1"]
[WhiteElo "2191"]
[BlackElo "2552"]

1.e4 c5 2.Nf3 d6 3.Bb5+ Nd7 4.c3 Nf6 5.Qe2 a6 6.Ba4 b5 7.Bc2 Bb7 8.d3 Rc8
9.O-O g6 10.h3 Bg7 11.Nh2 e5 12.a4 O-O 13.axb5 axb5 14.Na3 Qb6 15.c4 b4 16.Nb5 Ba6
17.Ba4 Nb8 18.g4 Nc6 19.Be3 Rcd8 20.Rfd1 Kh8 21.Nf1 Ng8 22.Ng3 Nge7 23.Kh2 f5
24.gxf5 gxf5 25.exf5 Nxf5 26.Nxf5 Rxf5 27.Qg4 Bc8 28.Qe2 Ne7 29.Rg1 Rdf8
30.Rxg7 Kxg7 31.Bd1 Ng6 32.Qd2 Kh8 33.d4 exd4 34.Nxd4 R5f6 35.Nb5 Ne5 36.b3 Bb7
37.f4 Qc6 38.Qd5 Qxd5 39.cxd5 Ng6 40.f5 Ne5 41.Nc7 Rxf5 42.Ra7 Bc8 43.Ne6 R5f7
44.Rxf7 Rxf7 45.Bh5 Bxe6 46.dxe6 Re7 47.Bg5 Rxe6 48.Kg3 Kg7 49.Kf2 Nd3+ 50.Kf3 Re5
51.Kg4 h6 52.Bh4 Nc1 53.Bg3 Rg5+ 54.Kh4 Nxb3 55.Bxd6 Nd4 56.Bg4 Nf5+ 57.Bxf5 Rxf5  0-1

[Event "Chess Classic Open"]
[Site "Gausdal NOR"]
[Date "2007.04.23"]
[Round "6"]
[White "Greet,A"]
[Black "Pitl,G"]
[Result "1-0"]
[WhiteElo "2428"]
[BlackElo "2367"]

1.e4 c5 2.Nf3 d6 3.Bb5+ Nc6 4.O-O Bd7 5.Re1 Nf6 6.h3 a6 7.Bf1 e5 8.c3 Be7
9.d4 O-O 10.d5 Na7 11.Nxe5 dxe5 12.d6 h6 13.dxe7 Qxe7 14.a4 b5 15.Qc2 Bc6
16.f3 Rfb8 17.Be3 Nc8 18.Qf2 Nd7 19.Nd2 bxa4 20.Nc4 Bb5 21.Bc1 Nd6 22.Ne3 Nb6
23.Rd1 Rc8 24.Qc2 Qe6 25.Nd5 Nxd5 26.Rxd5 c4 27.Qf2 Nb7 28.Qg3 Re8 29.Be3 f5
30.Qf2 fxe4 31.fxe4 Nd6 32.Rad1 Nxe4 33.Qh4 Qg6 34.Be2 Bc6 35.Bh5 Qf5 36.Bxe8 Bxd5
37.Bxa4 Nf6 38.Rf1 Qg6 39.Rf2 Be4 40.Bxh6 Rb8 41.Bg5 Nh7 42.Bd8 Rb7 43.Bc7 Ng5
44.Rf8+ Kxf8 45.Qh8+ Kf7 46.Qe8+ Kf6 47.Bxe5+ Kf5 48.g4+  1-0

[Event "Chess Classic Open"]
[Site "Gausdal NOR"]
[Date "2007.04.23"]
[Round "6"]
[White "Rausis,I"]
[Black "Bromberger,S"]
[Result "1/2-1/2"]
[WhiteElo "2537"]
[BlackElo "2495"]

1.e4 c5 2.Nf3 d6 3.Bb5+ Bd7 4.Bxd7+ Qxd7 5.c4 Nf6 6.Nc3 g6 7.O-O Bg7 8.h3 Nc6
9.d3 O-O 10.Rb1 Rab8 11.Be3 Rfc8 12.Qd2 a6 13.a4 Ne8  1/2-1/2

[Event "Chess Classic Open"]
[Site "Gausdal NOR"]
[Date "2007.04.25"]
[Round "8"]
[White "Saevareid,O"]
[Black "Thomassen,J"]
[Result "0-1"]
[WhiteElo "2198"]
[BlackElo "2048"]

1.e4 c5 2.Nf3 d6 3.Bb5+ Bd7 4.Bxd7+ Qxd7 5.O-O Nc6 6.c4 g6 7.Nc3 Bg7 8.d3 e6
9.Be3 Nd4 10.Bxd4 cxd4 11.Nb5 e5 12.Qa4 Ke7 13.Qb4 a5 14.Qa3 Nh6 15.Rae1 Rhd8
16.Nd2 Kf8 17.f4 Ng4 18.Nf3 Kg8 19.fxe5 dxe5 20.Ng5 f6 21.Nh3 Ne3 22.Rf2 Bf8
23.Qa4 Be7 24.Rf3 f5 25.Nf2 f4 26.h3 Bh4 27.Re2 g5 28.Ng4 Nxg4 29.hxg4 h5
30.gxh5 g4 31.Rf1 Qe7 32.Qa3 Qf6 33.Qc5 Rac8 34.Nc7 Bg3 35.Rd2 Qh4 36.Rb1 Qh2+
37.Kf1 f3  0-1

[Event "Chess Classic Open"]
[Site "Gausdal NOR"]
[Date "2007.04.26"]
[Round "9"]
[White "Oral,T"]
[Black "Dworakowska,J"]
[Result "1-0"]
[WhiteElo "2543"]
[BlackElo "2363"]

1.e4 c5 2.Nf3 d6 3.Bb5+ Bd7 4.Bxd7+ Qxd7 5.c4 Nf6 6.Nc3 g6 7.d4 cxd4 8.Nxd4 Bg7
9.f3 O-O 10.Be3 Rc8 11.b3 a6 12.a4 Nc6 13.O-O Qd8 14.Nde2 Nd7 15.Rb1 Nc5
16.Kh1 Nb4  1-0

[Event "Icaro Open"]
[Site "Mexico City MEX"]
[Date "2007.04.28"]
[Round "4"]
[White "Garmendez Gonzalez,F"]
[Black "Dominguez Aguilar,G"]
[Result "0-1"]
[WhiteElo "2311"]
[BlackElo "2387"]

1.e4 c5 2.Nf3 d6 3.Bb5+ Bd7 4.a4 Nf6 5.e5 dxe5 6.Nxe5 a6 7.Nxd7 Nbxd7 8.Be2 e6
9.O-O Bd6 10.Na3 Qc7 11.g3 b6 12.Nc4 Be7 13.Bf3 Ra7 14.Qe2 O-O 15.d3 Bd6
16.Nxd6 Qxd6 17.Re1 Nd5 18.a5 b5 19.c3 N7f6 20.Qe5 Rd8 21.Qxd6 Rxd6 22.Rd1 Rad7
23.c4 Nb4 24.cxb5 axb5 25.Bf4 Ra6 26.Be3 Nxd3 27.Be2 c4 28.Bxd3 cxd3 29.b4 e5
30.Rac1 h6 31.Rc8+ Kh7 32.f3 e4 33.fxe4 Nxe4 34.Bb6 d2 35.Rc2 Rd3 36.Rb2 Ra8
37.Kf1 Ra3 38.Rc2 Re8 39.Bd4 Rf3+ 40.Kg2 Rb3 41.Rb2 Rd3 42.Bb6 Rc8 43.a6 Ra3
44.a7 Rc6 45.Be3 Rcc3 46.Bb6 Rc6 47.Be3 Rcc3 48.Bd4 Rd3 49.Bg1 g5 50.Bb6 Ra6
51.Bg1 g4 52.Rc2 Rda3 53.Bd4 Rd3 54.Bg1 Rda3 55.Bd4 Rd3 56.Bg1 Rda3 57.Rc7 Kg6
58.Be3 f6 59.Bd4 Rd6 60.Bb2 Ra2 61.Kf1 Rd8 62.Re7 Kf5 63.Rb7 Rd5 64.Ba1 Nd6
65.Rd7 Ke6 66.Rd8 Rxa7 67.Bc3 Ra2 68.Ke2 Ne4 69.Rc8 Rc2 70.Re8+ Kf5 71.Ba1 Rc1
72.Rxe4 Kxe4  0-1

[Event "TCh-FRA Top 16"]
[Site "Montpellier FRA"]
[Date "2007.04.28"]
[Round "4"]
[White "Milliet,S"]
[Black "Roos,Louise"]
[Result "1-0"]
[WhiteElo "2406"]
[BlackElo "1948"]

1.e4 c5 2.Nf3 d6 3.Bb5+ Nc6 4.O-O Bd7 5.Re1 Nf6 6.c3 a6 7.Bf1 Bg4 8.d4 cxd4
9.cxd4 Bxf3 10.gxf3 Qa5 11.d5 Ne5 12.Nc3 Rd8 13.f4 Neg4 14.e5 dxe5 15.fxe5 Qb6
16.Qf3 h5 17.h3 Nxd5 18.Nxd5 Rxd5 19.hxg4 Rd4 20.Be3 hxg4 21.Bxd4 Qxd4 22.Qxb7  1-0

[Event "9th Open"]
[Site "Dubai UAE"]
[Date "2007.04.30"]
[Round "9"]
[White "Toufighi,H"]
[Black "Adly,A"]
[Result "1-0"]
[WhiteElo "2365"]
[BlackElo "2503"]

1.e4 c5 2.Nf3 d6 3.Bb5+ Nd7 4.d4 Nf6 5.Nc3 a6 6.Bxd7+ Nxd7 7.O-O e6 8.Bg5 Qc7
9.dxc5 dxc5 10.Qd2 f6 11.Bf4 Qc6 12.Rad1 b5 13.Rfe1 Bb7 14.Nd5 O-O-O 15.c4 exd5
16.exd5 Qb6 17.Re6 bxc4 18.Rxb6 Nxb6 19.Qa5 Bd6 20.Qxb6 Bxf4 21.d6 Kb8 22.Qxc5 Rhe8
23.d7 Re4 24.Rd4 Rxd4 25.Qxd4 Bc7 26.a4 Bc6 27.Qxc4 Rxd7 28.Kf1 Rd6 29.Nd4 Bd7
30.Qc5 g5 31.a5 h5 32.b4 h4 33.h3 Kb7 34.b5 Bxb5+ 35.Nxb5 axb5 36.Qxb5+ Ka7
37.g3 hxg3 38.fxg3 Ra6 39.Qc5+ Kb7 40.Qb4+ Ka7 41.h4 gxh4 42.gxh4 Rxa5 43.Qd4+ Kb7
44.Qxf6 Kc8 45.Qe6+ Kd8 46.h5 Re5 47.Qf6+ Re7 48.Qh8+ Kd7 49.h6 Be5 50.Qg8 Re8
51.Qd5+ Kc7 52.Kg2 Bh8 53.Kh3 Re5 54.Qf7+ Kd8 55.Kg4 Re8 56.Kf5 Re5+ 57.Kg6 Re8
58.h7 Re5 59.Qf8+ Re8 60.Qd6+ Kc8 61.Kf7 Rd8 62.Qc6+ Kb8 63.Ke7 Rc8 64.Qb6+ Ka8
65.Kd7  1-0

[Event "zt 3.5"]
[Site "Shandong CHN"]
[Date "2007.04.30"]
[Round "3"]
[White "Wu Kaiyu"]
[Black "Li Chao2"]
[Result "0-1"]
[WhiteElo "2287"]
[BlackElo "2525"]

1.e4 c5 2.Nf3 d6 3.Bb5+ Bd7 4.Bxd7+ Qxd7 5.c4 Nf6 6.Nc3 g6 7.d4 cxd4 8.Nxd4 Bg7
9.O-O O-O 10.f3 Nc6 11.Nde2 a6 12.a4 e6 13.Bg5 Qc7 14.b3 Nd7 15.Rb1 Nc5 16.Kh1 f5
17.exf5 gxf5 18.b4 Nd7 19.Qb3 Rae8 20.Rfc1 Nce5 21.Nd1 a5 22.bxa5 Qxa5 23.Nf2 Nc5
24.Qb6 Qxb6 25.Rxb6 Nxa4 26.Rxb7 Rb8 27.Ra7 Ra8 28.Rxa8 Rxa8 29.Nd4 Nc5 30.Nb5 Ra2
31.Nh3 Bf8 32.Be3 Ncd3 33.Rc3 Nb2 34.Bg1 Nexc4 35.Nc7 e5 36.f4 e4 37.Rg3+ Kf7
38.Ng5+ Ke7 39.Nd5+ Kd7 40.Nxh7 Bh6 41.Rg6 Nd3 42.g3 Nd2 43.Nhf6+ Kc6 44.Ne7+ Kb5
45.Nxf5 Bf8 46.Nd4+ Kc4 47.Nd7 Nf3 48.Nb6+ Kc3 49.Nd5+ Kb2 50.Kg2 Ka1+ 51.Kh3 Nxg1+
52.Kg4 Nf3 53.Nxf3 Nf2+ 54.Kf5 exf3 55.Rg8 Nd1  0-1

[Event "TCh-FRA Top 16"]
[Site "Gonfreville l'Orcher FRA"]
[Date "2007.05.01"]
[Round "7"]
[White "Meier,Geo"]
[Black "Palac,M"]
[Result "1/2-1/2"]
[WhiteElo "2506"]
[BlackElo "2568"]

1.e4 c5 2.Nf3 d6 3.Bb5+ Bd7 4.Bxd7+ Qxd7 5.c4 Nf6 6.Nc3 g6 7.d4 cxd4 8.Nxd4 Bg7
9.f3 O-O 10.O-O Rc8 11.b3 d5 12.exd5 Nxd5 13.Nxd5 e6 14.Bh6 exd5 15.Bxg7 Kxg7
16.Nb5 dxc4 17.Nd6 Rd8 18.Nxb7 Qxd1 19.Rfxd1 Rxd1+ 20.Rxd1 cxb3 21.axb3 Nc6
22.Rd7 a5 23.Kf2 a4 24.bxa4  1/2-1/2

[Event "TCh-FRA Top 16"]
[Site "Montpellier FRA"]
[Date "2007.05.01"]
[Round "7"]
[White "Sebag,M"]
[Black "Libiszewski,F"]
[Result "0-1"]
[WhiteElo "2479"]
[BlackElo "2486"]

1.e4 c5 2.Nf3 d6 3.Bb5+ Bd7 4.Bxd7+ Qxd7 5.c4 Nf6 6.Nc3 g6 7.d4 cxd4 8.Nxd4 Bg7
9.f3 O-O 10.Be3 Nc6 11.O-O Rfc8 12.b3 Qd8 13.Nde2 Qa5 14.Qd2 a6 15.a4 Ne8
16.Rab1 e6 17.Rfd1 Rd8 18.Qe1 Qb4 19.Bd2 Qc5+ 20.Qf2 Qxf2+ 21.Kxf2 Rab8 22.Be3 b6
23.Rd2 Kf8 24.Nd4 Nxd4 25.Bxd4 Bxd4+ 26.Rxd4 Ke7 27.f4 Rdc8 28.Rbd1 Rc5 29.R4d3 f5
30.e5 dxe5 31.Rd7+ Kf6 32.Rxh7 exf4 33.Rdd7 Ke5 34.Rh8 Rcc8 35.h3 Nf6 36.Rxc8 Nxd7
37.Rc6 Nc5 38.a5 Nxb3 39.axb6 Nd4 40.Rc5+ Kd6 41.Ra5 Nb3 42.Rxa6 Nc5 43.Ra7 Rxb6
44.Rg7 Nd3+ 45.Ke2 Nb2 46.Rxg6 Nxc4 47.h4 Rb2+ 48.Ke1 Ne5 49.Rg7 f3 50.gxf3 Nxf3+
51.Kf1 Nxh4 52.Rg3 Ke5 53.Ne2 f4 54.Ra3 Kf5 55.Nd4+ Ke5 56.Ne2 Ng6 57.Ra6 Rd2
58.Ra4 Rd6 59.Kf2 Kf5 60.Nd4+ Kg4 61.Nf3 Rd3 62.Nd4 e5 63.Ne2 Kf5 64.Ra5 Rd2
65.Ke1 Rb2 66.Kf1 Kg4 67.Ra6 Nh4 68.Nc3 Nf3 69.Ra5 Rc2 70.Ne4 Kf5 71.Nd6+ Ke6
72.Ra6 Nh2+ 73.Ke1 f3 74.Kd1 Rg2 75.Nc4+ Kf5 76.Ne3+ Kf4 77.Nd5+ Ke4 78.Nf6+ Kf5
79.Nd5 f2  0-1

[Event "TCh-RUS HL"]
[Site "Sochi RUS"]
[Date "2007.05.05"]
[Round "3"]
[White "Kornev,Alexei"]
[Black "Anisimov,P"]
[Result "1-0"]
[WhiteElo "2567"]
[BlackElo "2497"]

1.e4 c5 2.Nf3 d6 3.Bb5+ Nd7 4.O-O Nf6 5.d4 cxd4 6.Qxd4 g6 7.e5 dxe5 8.Qxe5 Bg7
9.Re1 e6 10.Qd6 a6 11.Bf1 Bf8 12.Qf4 Bg7 13.Nbd2 O-O 14.Nc4 Nd5 15.Qg3 N7f6
16.Qh4 Nh5 17.Qxd8 Rxd8 18.Bg5 f6 19.Bd2 Rb8 20.Rad1 Bd7 21.g3 Bf8 22.Ne3 Nxe3
23.Bxe3 Be8 24.Rxd8 Rxd8 25.Nd4 Ng7 26.Bg2 Bc5 27.c3 e5 28.Nc2 Bxe3 29.Nxe3 Bc6
30.Bxc6 bxc6 31.Kf1 Kf7 32.Ke2 h5 33.b4 Ne6 34.Rd1 Rxd1 35.Nxd1 Ke7 36.Nb2 Kd6
37.Nc4+ Kd5 38.Nb6+ Kd6 39.Nc4+ Kd5 40.Ne3+ Kd6 41.Kd3 Ng5 42.Nc4+ Kd5 43.Nd2 f5
44.Ke3 Ne6 45.h4 Nd8 46.a3 Ne6 47.a4 Nc7 48.c4+ Kd6 49.Nb3 Ne6 50.Kd3 e4+
51.Ke3 Ke5 52.f3 exf3 53.Nd2 f2 54.Nf3+ Kd6 55.Kxf2 f4 56.gxf4 Nxf4 57.Ke3 Ng2+
58.Ke4 Ke6 59.a5 Kd6  1-0

[Event "TCh-RUS"]
[Site "Sochi RUS"]
[Date "2007.05.05"]
[Round "4"]
[White "Tiviakov,S"]
[Black "Timofeev,Arty"]
[Result "1/2-1/2"]
[WhiteElo "2663"]
[BlackElo "2658"]

1.e4 c5 2.Nf3 d6 3.Bb5+ Bd7 4.Bxd7+ Nxd7 5.O-O Ngf6 6.d3 g6 7.Nc3 Bg7 8.Bg5 h6
9.Bd2 O-O 10.a4 Kh7 11.Ne1 Ne5 12.f4 Nc6 13.Nf3 Nd7 14.Kh1 a6 15.f5 e6 16.Qe1 Nde5
17.Nxe5 Bxe5 18.Nd1 Rg8 19.fxe6 fxe6 20.Ne3 Rf8 21.Rxf8 Qxf8 22.Qh4 Qf6 23.Qxf6 Bxf6
24.Rf1 Rf8 25.Nc4 Bg7 26.Rxf8  1/2-1/2

[Event "4NCL 2006-07"]
[Site "Wokefield Park ENG"]
[Date "2007.05.05"]
[Round "9"]
[White "Greet,A"]
[Black "Tebb,D"]
[Result "1-0"]
[WhiteElo "2428"]
[BlackElo "2219"]

1.e4 c5 2.Nf3 d6 3.Bb5+ Nd7 4.d4 Nf6 5.O-O cxd4 6.Qxd4 e5 7.Qd3 Be7 8.Bg5 O-O
9.Bxd7 Nxd7 10.Bxe7 Qxe7 11.Nc3 Nf6 12.Rad1 Rd8 13.Nd2 Bg4 14.Rde1 Be6 15.Nc4 Qc7
16.Ne3 Rac8 17.Re2 Qb6 18.Rb1 Rxc3 19.Qxc3 Nxe4 20.Qa3 d5 21.Rd1 Nf6 22.h3 d4
23.Nf1 e4 24.Ng3 Bc4 25.Ree1 d3 26.b3 Ba6 27.cxd3 Bxd3 28.Rc1 g6 29.Qc5 Qa6
30.Qg5 Qb6 31.Nf5 Nd5 32.Ne7+ Nxe7 33.Qxe7 Qa5 34.b4 Qxa2  1-0

[Event "TCh-RUS HL"]
[Site "Sochi RUS"]
[Date "2007.05.07"]
[Round "5"]
[White "Slugin,S"]
[Black "Tihonov,J"]
[Result "0-1"]
[WhiteElo "2383"]
[BlackElo "2537"]

1.e4 c5 2.Nf3 d6 3.Bb5+ Bd7 4.Bxd7+ Nxd7 5.O-O Ngf6 6.Qe2 e6 7.b3 g6 8.Bb2 Bg7
9.c3 O-O 10.d4 d5 11.e5 Ne4 12.Nbd2 Nxd2 13.Qxd2 Rc8 14.Rfe1 Qa5 15.dxc5 Qxc5
16.c4 Rfd8 17.cxd5 Qxd5 18.Qxd5 exd5 19.Re2 Nb8 20.Rd1 Nc6 21.Red2 d4 22.g4 Nxe5
23.Nxe5 Bxe5 24.Bxd4 Bf4 25.Be3 Rxd2 26.Rxd2 Rc1+ 27.Kg2 Bxe3 28.fxe3 Ra1
29.Kf3 b5 30.Ke4 Kg7 31.Rc2 Rg1 32.Kf3 Rf1+ 33.Ke2 Ra1 34.Kf3 a5 35.Rc5 a4
36.bxa4 bxa4 37.Rc2 a3 38.h4 h6 39.Kf4 Kf6 40.g5+ Kg7 41.Kg3 h5 42.Rc8 Rxa2
43.Ra8 Ra1 44.Kg2 f5 45.gxf6+ Kxf6 46.Ra6+ Kf5 47.e4+ Kxe4 48.Ra4+ Kd3 49.Rf4 Re1
50.Ra4 Re2+ 51.Kf1 Ra2 52.Rf4 Kc2 53.Ke2 Rb2  0-1

[Event "FSIM May"]
[Site "Budapest HUN"]
[Date "2007.05.08"]
[Round "3"]
[White "Mueller,Marku1"]
[Black "Gauri,S"]
[Result "1/2-1/2"]
[WhiteElo "2147"]
[BlackElo "2131"]

1.e4 c5 2.Nf3 d6 3.Bb5+ Nd7 4.d4 a6 5.Bxd7+ Bxd7 6.dxc5 dxc5 7.O-O Bc6 8.Nbd2 e6
9.Ne5 Qc7 10.Nxc6 Qxc6 11.Qe2 Nf6 12.e5 Nd5 13.c4 Ne7 14.b3 Nf5 15.Nf3 Rd8
16.Bg5 Be7 17.Rad1 O-O 18.Bxe7 Nxe7 19.Rd2 Rxd2 20.Qxd2 Qc7 21.Rd1 Nc6 22.Qe3  1/2-1/2

[Event "TCh-RUS HL"]
[Site "Sochi RUS"]
[Date "2007.05.08"]
[Round "6"]
[White "Kostin,Alexe"]
[Black "Voitsekhovsky,S"]
[Result "1/2-1/2"]
[WhiteElo "2400"]
[BlackElo "2503"]

1.e4 c5 2.Nf3 d6 3.Bb5+ Bd7 4.Bxd7+ Nxd7 5.O-O Ngf6 6.Re1 e6 7.b3 Be7 8.Bb2 O-O
9.c4 a6 10.d4 cxd4 11.Nxd4 Re8 12.Nc3 g6 13.Qd2 Bf8 14.Rad1 Qc7 15.h3 Rab8
16.Ba3 Rbd8 17.Nf3 Ne5 18.Qf4 Nfd7 19.Bb2 Bg7 20.Nxe5 Nxe5 21.Qe3 Qa5 22.Re2 b5  1/2-1/2

[Event "TCh-RUS HL"]
[Site "Sochi RUS"]
[Date "2007.05.08"]
[Round "6"]
[White "Kalugin,Sergey"]
[Black "Anisimov,P"]
[Result "1-0"]
[WhiteElo "2360"]
[BlackElo "2497"]

1.e4 c5 2.Nf3 d6 3.Bb5+ Nd7 4.d4 cxd4 5.Qxd4 Nf6 6.Bg5 a6 7.Bxd7+ Bxd7 8.Bxf6 gxf6
9.O-O Rc8 10.Nc3 e6 11.Rfe1 Be7 12.Rad1 b5 13.Rd2 Rc4 14.Qe3 O-O 15.Ne2 Kh8
16.c3 Rg8 17.Ng3 Rc5 18.Red1 Qf8 19.Nd4 Bc8 20.Nb3 Rcg5 21.Na5 Bd7 22.Nb7 h5
23.h4 R5g7 24.Nxd6 Bc6 25.Qa7 f5 26.exf5 Bxh4 27.Qc5 Bd5 28.fxe6 fxe6 29.Rxd5 exd5
30.Rxd5 Bxg3 31.fxg3 Qe7 32.Rxh5+ Rh7 33.Qd4+ Rg7 34.Re5  1-0

[Event "2nd President's Cup"]
[Site "Baku AZE"]
[Date "2007.05.09"]
[Round "7"]
[White "Naiditsch,A"]
[Black "Shanava,K"]
[Result "1-0"]
[WhiteElo "2654"]
[BlackElo "2532"]

1.e4 c5 2.Nf3 d6 3.Bb5+ Bd7 4.Bxd7+ Qxd7 5.c4 Nc6 6.d4 cxd4 7.Nxd4 g6 8.Nc3 Bg7
9.Nde2 Nf6 10.f3 O-O 11.O-O Rfc8 12.Be3 Qd8 13.b3 Nd7 14.Rc1 a6 15.Qd2 Rab8
16.a4 Nc5 17.Rb1 Na5 18.Qa2 Nc6 19.Rfd1 Nb4 20.Qd2 Ncd3 21.Nd5 Nxd5 22.exd5 Nc5
23.a5 b5 24.axb6 Rxb6 25.b4 Nd7 26.Qa2 Rbb8 27.Nd4 Ne5 28.c5 dxc5 29.bxc5 Rxb1
30.Rxb1 Rxc5 31.Ne6 fxe6 32.Bxc5 Nd3 33.Be3 exd5 34.Qxa6 Nb2 35.Qe6+ Kf8
36.Bc5 Qc7 37.Qxd5 Na4 38.Bxe7+  1-0

[Event "Grand Prix Open"]
[Site "Galatzi ROM"]
[Date "2007.05.09"]
[Round "2"]
[White "Sanduleac,V"]
[Black "Stanciu,An"]
[Result "1-0"]
[WhiteElo "2449"]
[BlackElo "2107"]

1.e4 c5 2.Nf3 d6 3.Bb5+ Bd7 4.Bxd7+ Qxd7 5.O-O Nc6 6.c3 Nf6 7.Qe2 e5 8.Rd1 Be7
9.d4 cxd4 10.cxd4 exd4 11.Nxd4 Nxd4 12.Rxd4 O-O 13.Nc3 Qe6 14.Bf4 a6 15.Rad1 Rfd8
16.h3 g6 17.Qd3 Ne8 18.Nd5 Bf6 19.Nxf6+ Qxf6 20.e5 Qe6 21.exd6 Rd7 22.b3 Rad8
23.Bg3 h6 24.Re4 Qf6 25.Qe3 g5 26.Rxe8+  1-0

[Event "2nd President's Cup"]
[Site "Baku AZE"]
[Date "2007.05.10"]
[Round "8"]
[White "Dovliatov,S"]
[Black "Sadvakasov,D"]
[Result "1/2-1/2"]
[WhiteElo "2438"]
[BlackElo "2618"]

1.e4 c5 2.Nf3 d6 3.Bb5+ Nc6 4.O-O Bd7 5.Re1 Nf6 6.c3 a6 7.Bf1 Bg4 8.d3 e6
9.Nbd2 Be7 10.h3 Bh5 11.g4 Bg6 12.Nh4 d5 13.e5 Nd7 14.Nxg6 fxg6 15.Nf3 O-O
16.Bg2 Qb6 17.Rb1 Rf7 18.Bg5 h6 19.Bxe7 Nxe7 20.b4 Qc7 21.d4 cxb4 22.cxb4 Raf8
23.Rc1 Qd8 24.Re3 Nb6 25.a4 Nc4 26.Rec3 b5 27.axb5 axb5 28.Ra1 Qb6 29.Rc2 Nc6
30.Rca2 Nxb4 31.Ra8 Nc6 32.Qd3 g5 33.h4 gxh4 34.g5 Qb7 35.Rxf8+ Rxf8 36.gxh6 Qe7
37.Qg6 Qf7 38.h7+ Kh8 39.Qxf7 Rxf7 40.Ra6 Rxf3 41.Bxf3 Nxd4 42.Bg4 Nxe5 43.Bxe6 Kxh7
44.Bxd5 g6 45.Kg2 Kh6 46.Be4 Kg5 47.Rd6 Ne2 48.Rb6 Nd4 49.Rd6 Ne2 50.Rb6 Nd4  1/2-1/2

[Event "TCh-RUS HL"]
[Site "Sochi RUS"]
[Date "2007.05.10"]
[Round "8"]
[White "Zharov,D"]
[Black "Ivanov,Al3"]
[Result "1/2-1/2"]
[WhiteElo "2337"]
[BlackElo "2425"]

1.e4 c5 2.Nf3 d6 3.Bb5+ Bd7 4.Bxd7+ Qxd7 5.c4 Nc6 6.d4 cxd4 7.Nxd4 Nf6 8.Nc3 g6
9.f3 Nxd4 10.Qxd4 Bg7 11.Be3 O-O 12.Qd3 Rfc8 13.O-O Qe8 14.b3 a6 15.Rac1 Rc6
16.Bd4 e6 17.f4 Rac8 18.e5 Nd7 19.Ne4 dxe5 20.fxe5 Qe7 21.Qc3 b5 22.c5 b4
23.Qb2 Qh4 24.Rce1 R8c7 25.g3 Qd8 26.Rf2 Bf8 27.Ref1 Nxc5 28.Nf6+ Kh8 29.Qd2 Nb7
30.Qf4 Bg7 31.Ng4 Rd7 32.Be3 Nc5 33.Bxc5 Rxc5 34.Qxb4 Rcc7 35.Qb6 Qc8 36.Nf6 Bxf6
37.exf6 Rd5 38.Rf4 Rc2 39.Rc4 Rxc4 40.bxc4 Qc5+ 41.Qxc5 Rxc5 42.Rc1 Kg8 43.Kf2 Kf8
44.Ke3 e5 45.Rb1 Ke8 46.Ke4 Rxc4+ 47.Kxe5 Rc6 48.Rb8+ Kd7 49.Rb7+ Ke8 50.Rb8+ Kd7
51.Rb7+ Ke8  1/2-1/2

[Event "Grand Prix Open"]
[Site "Galatzi ROM"]
[Date "2007.05.12"]
[Round "6"]
[White "Ardeleanu,A"]
[Black "Lupulescu,C"]
[Result "0-1"]
[WhiteElo "2407"]
[BlackElo "2565"]

1.e4 c5 2.Nf3 d6 3.Bb5+ Nd7 4.O-O Nf6 5.Re1 a6 6.Bxd7+ Nxd7 7.b3 e6 8.Bb2 b6
9.a4 Bb7 10.d4 cxd4 11.Qxd4 Qf6 12.Qxf6 Nxf6 13.Nbd2 Rc8 14.Bxf6 gxf6 15.Nc4 Kd8
16.Nxb6 Rxc2 17.Rac1 Rc7 18.Rcd1 Rg8 19.Kf1 Rc3 20.Nc4 Rxb3 21.Nxd6 Bxd6
22.Rxd6+ Ke7 23.Rd4 Rc8 24.Nh4 a5 25.f3 Ba6+ 26.Kf2 Rb2+ 27.Kg3 Rb4 28.Rd2 Rxa4
29.Red1 Bb5 30.Kf2 Rb4 31.g4 Rb3  0-1

[Event "25th Liechtenstein Open"]
[Site "Triesen LIE"]
[Date "2007.05.12"]
[Round "2"]
[White "Sedina,E"]
[Black "Klocker,B"]
[Result "1-0"]
[WhiteElo "2352"]
[BlackElo "2063"]

1.e4 c5 2.Nf3 d6 3.Bb5+ Nd7 4.d4 Nf6 5.O-O cxd4 6.Qxd4 g6 7.e5 dxe5 8.Qxe5 Bg7
9.Re1 e6 10.Qd6 a6 11.Bc4 Bf8 12.Qd4 b5 13.Bb3 Bg7 14.Qd6 Bf8 15.Qc6 Rb8
16.Ng5 Rb6 17.Qc3 Nb8 18.Bf4 Bg7 19.Bc7 b4 20.Qe5 Nh5 21.Qxg7 Nxg7 22.Bxd8  1-0

[Event "Mitropa Cup Men"]
[Site "Szeged HUN"]
[Date "2007.05.13"]
[Round "6"]
[White "Priborsky,I"]
[Black "Doric,D"]
[Result "1/2-1/2"]
[WhiteElo "2370"]
[BlackElo "2482"]

1.e4 c5 2.Nf3 d6 3.Bb5+ Bd7 4.Bxd7+ Qxd7 5.c4 Nf6 6.Nc3 g6 7.d4 cxd4 8.Nxd4 Bg7
9.O-O O-O 10.f3 Rc8 11.b3 d5 12.exd5 Nxd5 13.Nxd5 e6 14.Be3 exd5 15.Rc1 dxc4
16.Rxc4 Na6 17.Nc2 Qf5 18.Qd2 Rxc4 19.bxc4 b6 20.Rd1 h5 21.Qd5 Rc8 22.Qxf5 gxf5
23.Na3 Bf8 24.Nb5 Rxc4 25.Nxa7 Nc5 26.Nb5 f4 27.Bf2 Rc2 28.a3 Rb2 29.Nc3 Ne6
30.Na4 Ra2 31.Nxb6 Rxa3 32.Nd5 Kg7 33.h3 Ra2 34.Nc3 Rc2 35.Ne4 Ba3 36.Nd2 Bc1
37.Nf1 Kg6 38.Rd5 Re2 39.Rd3 Rc2 40.Rd5 Re2 41.Rd3 Ra2 42.Rd1 Rc2  1/2-1/2

[Event "FSIM May"]
[Site "Budapest HUN"]
[Date "2007.05.14"]
[Round "10"]
[White "Mueller,Marku1"]
[Black "Galyas,M"]
[Result "0-1"]
[WhiteElo "2147"]
[BlackElo "2444"]

1.e4 c5 2.Nf3 d6 3.Bb5+ Bd7 4.Bxd7+ Qxd7 5.c4 Nc6 6.d4 cxd4 7.Nxd4 g6 8.Nc3 Bg7
9.Nde2 Nf6 10.f3 O-O 11.O-O a6 12.a4 Qd8 13.Kh1 Qa5 14.Rb1 Rfc8 15.b3 Rab8
16.Be3 Nd7 17.Qd2 Qd8 18.Rfd1 Qf8 19.Kg1 b6 20.Qa2 Nc5 21.Kh1 Kh8 22.Qd2 Rd8
23.Bg5 Rdc8 24.Be3 f5 25.exf5 gxf5 26.Nf4 Qf7 27.Nfe2 Ne5 28.Bh6 Bxh6 29.Qxh6 Rg8
30.Qe3 a5 31.Nd5 Qg7 32.g3 Nc6 33.Nd4 f4 34.Qc3 Nxd4 35.Rxd4 e6 36.b4 exd5
37.bxc5 bxc5 38.Rxb8 Rxb8 39.Rd3 Qxc3 40.Rxc3 dxc4 41.Rxc4 Rb4  0-1

[Event "FSGM May"]
[Site "Budapest HUN"]
[Date "2007.05.14"]
[Round "12"]
[White "Koons,N"]
[Black "Wittmann,W"]
[Result "1-0"]
[WhiteElo "2289"]
[BlackElo "2316"]

1.e4 c5 2.Nf3 d6 3.Bb5+ Bd7 4.Bxd7+ Qxd7 5.O-O e6 6.b3 Nc6 7.Bb2 Nf6 8.Re1 Be7
9.Na3 O-O 10.d3 Ne8 11.Nc4 b5 12.Ne3 Bf6 13.c3 b4 14.d4 bxc3 15.Bxc3 cxd4
16.Nxd4 Nxd4 17.Bxd4 Bxd4 18.Qxd4 Nf6 19.Rac1 h6 20.h3 Rfd8 21.Red1 Qb7 22.e5 Ne8
23.Nc4 d5 24.Na5 Qa6 25.Rc5 Rac8 26.Rdc1 Qb6 27.b4 Rc7 28.Nb3 Rdc8 29.a4 Rxc5
30.Rxc5 Rxc5 31.Qxc5 Qxc5 32.Nxc5 Kf8 33.Nd7+ Ke7 34.Nb8 f6 35.f4 fxe5 36.fxe5 Nc7
37.Nc6+ Kd7 38.Nxa7 Na6 39.b5 Nc5 40.a5 Kc7 41.Nc6 Kd7 42.Kf1 Ne4 43.Ke1 Nc3
44.Nd4 Na4 45.b6 Nc5 46.Kd2 Kc8 47.Kc3 Kb7 48.Kb4 Nd3+ 49.Kb5 Nxe5 50.a6+ Ka8
51.Nc6  1-0

[Event "ch-USA"]
[Site "Stillwater USA"]
[Date "2007.05.18"]
[Round "4"]
[White "Airapetian,C"]
[Black "Robson,R"]
[Result "0-1"]
[WhiteElo "2180"]
[BlackElo "2293"]

1.e4 c5 2.Nf3 d6 3.Bb5+ Bd7 4.Bxd7+ Qxd7 5.c4 Nf6 6.Nc3 g6 7.d4 cxd4 8.Nxd4 Bg7
9.O-O O-O 10.f3 Rc8 11.b3 d5 12.exd5 Nxd5 13.Nxd5 e6 14.Bh6 exd5 15.Bxg7 Kxg7
16.cxd5 Qxd5 17.Ne2 Qe5 18.f4 Qe3+ 19.Kh1 Nc6 20.Rf3 Qe7 21.f5 Rd8 22.Qc2 Kg8
23.f6 Qb4 24.Rc3 Rd6 25.Rf1 Rad8 26.Qc1 Rd2 27.Rc4 Qd6 28.Nc3 Qd3 29.Re1 Qc2
30.Ne4 Qxc1 31.Rcxc1 Rxa2 32.Nd6 h5 33.Nxb7 Rb8 34.Nc5 Nd4 35.Red1 Rb4 36.h3 Kh7
37.Rc3 g5 38.Rcd3 Nf5 39.Rf1 Kg6 40.Rdf3 Nh4 41.Rg3 Nf5 42.Rc3 h4 43.Nd3 Ng3+
44.Kg1 Re4 45.Nc1 Rd2 46.Rxg3 hxg3 47.b4 Rxb4 48.Re1 Rb1 49.Kf1 Rf2+ 50.Kg1 Rc2
51.Nd3 Rxe1+ 52.Nxe1 Rc1 53.Kf1 a5 54.Ke2 Rxe1+  0-1